| 000 | 00415nam a2200169 i 4500 | ||
|---|---|---|---|
| 001 | bg | ||
| 100 | 1 | _aBOBROWSKI, Czesław | |
| 245 | 0 |
_aFizyka : _bkrótki kurs dla inżynierów / _cCzesław Bobrowski. |
|
| 260 |
_aWarszawa, _c1978. |
||
| 650 | 9 | _aFizyka | |
| 655 | _aPodręczniki akademickie | ||
| 040 | _cBPK | ||
| 041 | _apol | ||
| 080 | _a53(07) | ||
| 942 | _cKS | ||
| 008 | s pl f |000 0 pol | ||
| 999 |
_c9391 _d9391 |
||
| 856 |
_uhttp://koha.tu.koszalin.pl/cgi-bin/koha/opac-detail.pl?biblionumber=9391 _yKatalog online BPK |
||